01191 2200229 4500001002100000005001500021035002000036007000300056008004100059020001800100082001100118084001700129100003100146245008700177250001100264260004500275300006100320650001000381650001300391520053300404990002400937INLIS00000000001109420251014022729 a0010-1025000002ta251014 g 0 ind  a9786230804441 a343.07 a343.07 RIZ p0 aRizkisyabana Yulistyaputri1 aPerlindungan konsumen melalui Arbitrase di Indonesia /cRizkisyabana Yulistyaputri aCet. 1 aDepok :bPT. Rajagrafindo Persada,c2023 axvi, 124 hlm.; 23 cm :bIlustrasi ;c23 cmehal. 113-121 4aHukum 4aKonsumen aArbitrase merupakan suatu hal yang lazim dibicarakan ketika membahas penyelesaian sengketa konsumen. Namun pembahasan mengenai arbitrase dan penyelesaian sengketa konsumen tersebut juga tidak akan lepas dari pembahasan mengenai perlindungan konsumen. Buku ini berusaha memberikan pemahaman mengenai konsep perlindungan konsumen dan penyelsaian sengketanya, terutama melalui jalur arbitrase di Badan Penyelesaian Sengketa Konsumen (BPSK), dan juga membahas Putusan Mahkamah Konstitusi terkait dengan pembatalan putusan arbitrase. a27398/MKRI-P/I-2024